| 000 | 00588cam a2200205 a 4500 | ||
|---|---|---|---|
| 001 | 000012440 | ||
| 005 | 20250509170321.0 | ||
| 008 | 081027s1968 mx b 001 0 spa | ||
| 040 |
_aDO-SdBNP _bspa _cLC _dBNPHU |
||
| 082 |
_a370 _bH557e, 1968 |
||
| 100 | 1 |
_aHernández Ruiz, Santiago. _929148 |
|
| 245 | 1 | 3 |
_aLa escuela y el medio / _cSantiago Hernández Ruiz. |
| 250 | _a2a ed. | ||
| 260 |
_aMéxico, D. F. : _bHerrero, _c1968. |
||
| 300 |
_a275 p. ; _c23 cm. |
||
| 650 | 0 |
_aEducación _951588 |
|
| 650 | 4 | _.TECNOLOGÍA EDUCATIVA | |
| 910 | _aCatalogación derivada | ||
| 049 | _aBNGR | ||
| 999 |
_c12097 _d12097 |
||